Normal view
MARC view
Entry Personal Name
001 - CONTROL NUMBER
- control field: 13192
003 - CONTROL NUMBER IDENTIFIER
- control field: BD-RjUL
005 - DATE AND TIME OF LATEST TRANSACTION
- control field: 20240527135935.0
008 - FIXED-LENGTH DATA ELEMENTS
- fixed length control field: 240527|| aca||aabn | a|a d
040 ## - CATALOGING SOURCE
- Original cataloging agency: BD-RjUL
- Transcribing agency: BD-RjUL
100 ## - HEADING--PERSONAL NAME
- Personal name: Nahar, Jesmin
670 ## - SOURCE DATA FOUND
- Source citation: Work cat.: (BD-RjUL)83830: Nahar, Jesmin, Growth Studies in Silkworm Bomyx Mori L. (Lepidoptera : Bombycidae) / , 1998